Statistics for European countries in Trad. Chinese - Map Quiz

Click here to take the quiz!

General Stats

  • This quiz has been taken 116 times
  • The average score is 7 of 45

Answers on the Map

Answers color-coded by a green-red scale on the quiz's map according to % correct below.
 

Answer Stats

Answer% Correct
安道爾
23%
列支敦士登
23%
克羅地亞
21%
波斯尼亞和黑塞哥維那
21%
冰島
21%
愛爾蘭
21%
丹麥
21%
瑞士
19%
北馬其頓
19%
俄羅斯
19%
希臘
17%
塞爾維亞
17%
葡萄牙
17%
芬蘭
17%
德國
17%
白俄羅斯
17%
法國
15%
英國
15%
波蘭
15%
匈牙利
15%
西班牙
15%
保加利亞
15%
摩爾多瓦
15%
阿爾巴尼亞
13%
瑞典
13%
烏克蘭
13%
意大利
13%
愛沙尼亞
13%
捷克
13%
挪威
13%
羅馬尼亞
12%
盧森堡
12%
荷蘭
12%
馬耳他
12%
黑山
12%
奧地利
12%
比利時
12%
摩納哥
10%
斯洛文尼亞
10%
斯洛伐克
10%
聖馬力諾
10%
拉脫維亞
8%
科索沃
8%
立陶宛
8%
梵蒂岡城
8%

Score Distribution

Percentile by Number Answered

Percent of People with Each Score

Your Score History

You have not taken this quiz